Fashioning the body politic : (Record no. 8887)

MARC details
000 -LEADER
fixed length control field 01072nac a22002651u 4500
010 ## - LIBRARY OF CONGRESS CONTROL NUMBER
LC control number 2001007580
020 ## - INTERNATIONAL STANDARD BOOK NUMBER
International Standard Book Number 1859735827 (cloth)
020 ## - INTERNATIONAL STANDARD BOOK NUMBER
International Standard Book Number 1859735878 (paper)
082 00 - DEWEY DECIMAL CLASSIFICATION NUMBER
Classification number 391
Item number FAS
090 ## - LOCALLY ASSIGNED LC-TYPE CALL NUMBER (OCLC); LOCAL CALL NUMBER (OCLC)
-- 8887
-- 8887
100 ## - MAIN ENTRY--PERSONAL NAME
Personal name 20080729
245 00 - TITLE STATEMENT
Title Fashioning the body politic :
Remainder of title dress, gender, citizenship /
Statement of responsibility, etc edited by Wendy Parkins.
260 ## - PUBLICATION, DISTRIBUTION, ETC. (IMPRINT)
Place of publication, distribution, etc Oxford ;
-- New York :
Name of publisher, distributor, etc Berg,2002
Date of publication, distribution, etc 2002.
300 ## - PHYSICAL DESCRIPTION
Extent xi, 260 p. :
Other physical details ill. ;
Dimensions 23 cm.
500 ## - GENERAL NOTE
General note ditributer: Scientific home bookshop
504 ## - BIBLIOGRAPHY, ETC. NOTE
Bibliography, etc Includes bibliographical references (p. 227-251) and index.
511 ## - PARTICIPANT OR PERFORMER NOTE
Participant or performer note catalogued by: wessam
650 #0 - SUBJECT ADDED ENTRY--TOPICAL TERM
Topical term or geographic name as entry element Clothing and dress
General subdivision Political aspects.
650 #0 - SUBJECT ADDED ENTRY--TOPICAL TERM
Topical term or geographic name as entry element Clothing and dress
General subdivision Symbolic aspects.
650 #0 - SUBJECT ADDED ENTRY--TOPICAL TERM
Topical term or geographic name as entry element Body, Human
General subdivision Political aspects.
700 1# - ADDED ENTRY--PERSONAL NAME
Personal name Parkins, Wendy.
856 42 - ELECTRONIC LOCATION AND ACCESS
Materials specified Publisher description
Uniform Resource Identifier <a href="http://www.loc.gov/catdir/enhancements/fy0612/2001007580-d.html">http://www.loc.gov/catdir/enhancements/fy0612/2001007580-d.html</a>
942 ## - ADDED ENTRY ELEMENTS (KOHA)
Item type Book - Borrowing
Call number prefix 391FAS
Holdings
Withdrawn status Item status Damaged status Not for loan Home library Current library Shelving location Date acquired Source of acquisition Total Checkouts Full call number Barcode Date last seen Date last borrowed Cost, replacement price Koha item type
        Central Library Central Library First floor 27/03/2008 Purchase 1 391FAS 000010422 15/07/2025 03/01/2010 675.00 Book - Borrowing